Shark types #1 - Statistics

General Stats
  • This quiz has been taken 65 times
  • The average score is 8 of 16
Answer Stats
Picture Answer % Correct
Great White Shark
97%
Hammerhead Shark
90%
Whale Shark
82%
Mako Shark
77%
Basking Shark
67%
Tiger Shark
62%
Bull Shark
56%
Thresher Shark
56%
Leopard Shark
49%
Goblin Shark
46%
Nurse Shark
44%
Lemon Shark
41%
Zebra Shark
28%
Horn Shark
18%
Reef Shark
13%
Coral Catshark
0%
No matching quizzes found
Score Distribution
Percent of People with Each Score
Percentile by Number Answered
Your Score History
You have not taken this quiz